[Event "Scottish Championship & International O"]
[Site "Paisley"]
[Date "2018.07.15"]
[Round "9.1"]
[White "Dunnington, Angus J"]
[Black "Gormally, Daniel W"]
[Result "1/2-1/2"]
[WhiteElo "2383"]
[BlackElo "2478"]
[Annotator "Ips"]
[PlyCount "29"]
[EventDate "2018.07.07"]

1. Nf3 Nf6 2. g3 g6 3. b3 Bg7 4. Bb2 O-O 5. Bg2 d5 6. c4 c6 7. O-O Bg4 8. d4
Bxf3 9. Bxf3 Nbd7 10. cxd5 cxd5 11. Nc3 e6 12. Qd2 a6 13. Rfd1 Rc8 14. Rac1 Re8
15. e4 1/2-1/2

[Event "Scottish Championship & International O"]
[Site "Paisley"]
[Date "2018.07.15"]
[Round "9.2"]
[White "Abdulla, Murad"]
[Black "Mckay, Roderick M"]
[Result "1-0"]
[WhiteElo "2281"]
[BlackElo "2322"]
[Annotator "Ips"]
[PlyCount "67"]
[EventDate "2018.07.07"]

1. e4 c5 2. Nf3 Nc6 3. d4 cxd4 4. Nxd4 Nf6 5. Nc3 e5 6. Ndb5 d6 7. Bg5 a6 8.
Na3 b5 9. Nd5 Be7 10. Bxf6 Bxf6 11. c4 b4 12. Nc2 Rb8 13. b3 g6 14. g3 Bg7 15.
Bg2 O-O 16. O-O f5 17. exf5 gxf5 18. Qh5 a5 19. Rad1 Bd7 20. Nde3 Qf6 21. f4
exf4 22. Rxf4 Ne7 23. Rfd4 Be8 24. Qf3 Ng6 25. Rxd6 Qb2 26. R6d2 f4 27. Nd4 Qc3
28. Nef5 fxg3 29. Qxg3 Be5 30. Qg4 Bd7 31. Ne7+ Kf7 32. Qxd7 Rbd8 33. Qe6+ Kg7
34. Ndf5+ 1-0

[Event "Scottish Championship & International O"]
[Site "Paisley"]
[Date "2018.07.15"]
[Round "9.3"]
[White "Gourlay, Iain"]
[Black "Green, Andrew D"]
[Result "1-0"]
[WhiteElo "2369"]
[BlackElo "2074"]
[Annotator "Ips"]
[PlyCount "71"]
[EventDate "2018.07.07"]

1. c4 c5 2. g3 g6 3. Bg2 Bg7 4. Nc3 Nc6 5. a3 d6 6. Rb1 a5 7. Nf3 Rb8 8. O-O
Bf5 9. d3 Qd7 10. Nb5 Nf6 11. Bd2 O-O 12. Re1 Bh3 13. Bh1 h6 14. d4 cxd4 15.
Nfxd4 d5 16. cxd5 Nxd5 17. Nb3 b6 18. Bxh6 Bxh6 19. Qxd5 Qxd5 20. Bxd5 Ne5 21.
f4 Ng4 22. Bg2 Bxg2 23. Kxg2 Ne3+ 24. Kf2 Nc4 25. Rec1 Rbc8 26. Rc2 a4 27. Rbc1
axb3 28. Rxc4 Rxc4 29. Rxc4 Bg7 30. Nd4 b5 31. Rb4 Rd8 32. e3 e5 33. fxe5 Bxe5
34. Rxb5 Bxd4 35. exd4 Rxd4 36. Ke3 1-0

[Event "Scottish Championship & International O"]
[Site "Paisley"]
[Date "2018.07.15"]
[Round "9.4"]
[White "Bannink, Bernard"]
[Black "Tate, Alan"]
[Result "0-1"]
[WhiteElo "2206"]
[BlackElo "2352"]
[Annotator "Ips"]
[PlyCount "82"]
[EventDate "2018.07.07"]

1. d4 g6 2. e4 Bg7 3. Nc3 d6 4. Nf3 a6 5. Be3 b5 6. Bd3 Nd7 7. O-O Bb7 8. a4 b4
9. Na2 c5 10. c3 Ngf6 11. e5 dxe5 12. dxc5 e4 13. Nxb4 Nb8 14. c6 Bc8 15. Bf4
Qb6 16. a5 Qa7 17. Be2 exf3 18. Bxf3 Be6 19. c7 Nbd7 20. Be3 Qxc7 21. Bxa8 Ng4
22. g3 Nxe3 23. fxe3 Qa7 24. Bd5 O-O 25. Qe2 Bxd5 26. Nxd5 e6 27. Nb6 Ne5 28.
b4 g5 29. Rad1 g4 30. e4 Qc7 31. c4 Nf3+ 32. Rxf3 gxf3 33. Qxf3 Rd8 34. Kg2
Rxd1 35. Qxd1 Bc3 36. Qb3 Qe5 37. Kh3 Qh5+ 38. Kg2 Qe2+ 39. Kh3 Qf1+ 40. Kg4
h5+ 41. Kxh5 Qf3+ 0-1

[Event "Scottish Championship & International O"]
[Site "Paisley"]
[Date "2018.07.15"]
[Round "9.5"]
[White "Fitzsimons, David"]
[Black "Mcquillan, Stephen G"]
[Result "1-0"]
[WhiteElo "2328"]
[BlackElo "1958"]
[Annotator "Ips"]
[PlyCount "39"]
[EventDate "2018.07.07"]

1. e4 e5 2. Nf3 Nf6 3. Nxe5 d6 4. Nf3 Nxe4 5. d4 d5 6. Bd3 Be7 7. O-O Nc6 8.
Nbd2 Bg4 9. Nxe4 Bxf3 10. Qxf3 dxe4 11. Bxe4 Nxd4 12. Qd3 Nc6 13. Qb5 O-O 14.
Qxb7 Nd4 15. Qxa8 Qxa8 16. Bxa8 Rxa8 17. c3 Nc2 18. Rb1 Bd6 19. Bd2 Rd8 20.
Rfd1 1-0

[Event "Scottish Championship & International O"]
[Site "Paisley"]
[Date "2018.07.15"]
[Round "9.6"]
[White "White, Stuart A"]
[Black "Ahlers, Ben"]
[Result "0-1"]
[WhiteElo "2103"]
[BlackElo "2069"]
[Annotator "Ips"]
[PlyCount "90"]
[EventDate "2018.07.07"]

1. d4 Nf6 2. c4 g6 3. Nc3 d5 4. cxd5 Nxd5 5. e4 Nxc3 6. bxc3 Bg7 7. Qa4+ c6 8.
Nf3 O-O 9. Qa3 b6 10. Be3 Qc7 11. Be2 Bb7 12. O-O e6 13. Rad1 Nd7 14. c4 Rfe8
15. Nd2 c5 16. d5 Nf6 17. Bf3 e5 18. h3 Rf8 19. Be2 Ne8 20. f4 exf4 21. Bxf4
Qe7 22. Qg3 Bd4+ 23. Kh1 f6 24. Bd3 Rd8 25. Nf3 Bc3 26. Rc1 Bb4 27. e5 fxe5 28.
Bxe5 Ng7 29. Ng5 Nh5 30. Qe3 Bd2 31. Rxf8+ Rxf8 32. Qxd2 Qxe5 33. Ne4 Bc8 34.
Qc3 Ng3+ 35. Nxg3 Qxg3 36. Be2 Qd6 37. Bf3 Qg3 38. Be2 Qd6 39. Qe3 Bd7 40. Bd3
Re8 41. Qg5 Kg7 42. Rf1 h6 43. Qh4 Re3 44. Bb1 Re2 45. Re1 g5 0-1

[Event "Scottish Championship & International O"]
[Site "Paisley"]
[Date "2018.07.15"]
[Round "9.8"]
[White "Smith, Peter R"]
[Black "Buchanan, Walter F"]
[Result "0-1"]
[WhiteElo "2073"]
[BlackElo "2102"]
[Annotator "Ips"]
[PlyCount "64"]
[EventDate "2018.07.07"]

1. Nf3 Nf6 2. c4 e6 3. b3 Be7 4. Bb2 O-O 5. g3 b6 6. Bg2 Bb7 7. O-O d5 8. d3 c5
9. Nbd2 Nc6 10. a3 Re8 11. e3 Bf8 12. Qc2 d4 13. exd4 cxd4 14. b4 e5 15. Rfe1
Qc7 16. b5 Nb8 17. a4 Nbd7 18. Ba3 Nc5 19. Bxc5 Bxc5 20. Qb2 Rad8 21. Red1 Ng4
22. h3 Ne3 23. fxe3 dxe3 24. d4 exd4 25. Nb3 e2 26. Re1 Bxf3 27. Bxf3 Qxg3+ 28.
Bg2 d3+ 29. Kh1 Bd6 30. Kg1 Re6 31. Qd2 Rf6 32. c5 Qh2# 0-1

[Event "Scottish Championship & International O"]
[Site "Paisley"]
[Date "2018.07.15"]
[Round "9.9"]
[White "Kane, Robert"]
[Black "Grant, Jonathan I M"]
[Result "0-1"]
[WhiteElo "1878"]
[BlackElo "2213"]
[Annotator "Ips"]
[PlyCount "118"]
[EventDate "2018.07.07"]

1. e4 c6 2. d4 d5 3. exd5 cxd5 4. Bd3 Nc6 5. c3 Nf6 6. Bf4 Bg4 7. f3 Bh5 8. Ne2
e6 9. Ng3 Bg6 10. O-O Bd6 11. Bxd6 Qxd6 12. f4 Bxd3 13. Qxd3 g6 14. Nd2 O-O 15.
Rae1 Ne7 16. Qe2 Nf5 17. Nxf5 exf5 18. Qe7 Qa6 19. Qb4 Rae8 20. Nf3 Re2 21.
Rxe2 Qxe2 22. Re1 Qc2 23. Qb3 Qd3 24. Qxb7 Ne4 25. Qxd5 Qc2 26. Qb3 Qf2+ 27.
Kh1 h5 28. c4 h4 29. Qe3 Qxb2 30. Qe2 Qc3 31. Rd1 Rb8 32. Ng5 Re8 33. Nxe4 Rxe4
34. Qf2 Qxc4 35. d5 Rxf4 36. Qxa7 h3 37. gxh3 Rf1+ 38. Rxf1 Qxf1+ 39. Qg1 Qf3+
40. Qg2 Qd1+ 41. Qg1 Qxd5+ 42. Qg2 Qd1+ 43. Qg1 Qf3+ 44. Qg2 Qc3 45. Qd5 Qxh3
46. Kg1 Qe3+ 47. Kf1 f4 48. Qd8+ Kg7 49. Qg5 Qc1+ 50. Kf2 Qb2+ 51. Kf3 Qxh2 52.
Qe5+ Kh7 53. Qxf4 Qxa2 54. Qh4+ Kg7 55. Qd4+ f6 56. Qd7+ Qf7 57. Qb5 g5 58. Qc5
Qe6 59. Qc2 Qh3+ 0-1

[Event "Scottish Championship & International O"]
[Site "Paisley"]
[Date "2018.07.15"]
[Round "9.10"]
[White "Shafi, Declan"]
[Black "Noordhoek, Henk"]
[Result "1/2-1/2"]
[WhiteElo "2177"]
[BlackElo "2000"]
[Annotator "Ips"]
[PlyCount "174"]
[EventDate "2018.07.07"]

1. d4 Nf6 2. c4 g6 3. Nc3 d5 4. Nf3 Bg7 5. Qb3 dxc4 6. Qxc4 O-O 7. e4 Nfd7 8.
Be3 Nb6 9. Qb3 Nc6 10. Rd1 Bg4 11. d5 Ne5 12. Be2 Qc8 13. Nxe5 Bxe2 14. Nxe2
Bxe5 15. O-O e6 16. dxe6 Qxe6 17. Qxe6 fxe6 18. b3 Rad8 19. Nd4 Kf7 20. f4 Bxd4
21. Bxd4 Nc8 22. Bf2 a6 23. Bh4 Ne7 24. Kf2 Rxd1 25. Rxd1 Ke8 26. Ke3 Nc6 27.
b4 Rf7 28. a3 Rd7 29. Rxd7 Kxd7 30. Bf6 Na7 31. Bb2 Nb5 32. g4 Nd6 33. Kd4 Nf7
34. Kc5 Nd6 35. Kd4 Nf7 36. Kd3 Kd6 37. Bg7 Ke7 38. h3 Kd7 39. Bf6 Kd6 40. Kc4
Kc6 41. Kd4 Kd6 42. e5+ Kd7 43. Ke4 Nh6 44. Bg5 Nf7 45. Bf6 Nh6 46. Bh4 Ke8 47.
Bf6 Kd7 48. Ke3 Ke8 49. Kd4 Kd7 50. Ke4 Ke8 51. Bg7 Ng8 52. f5 gxf5+ 53. gxf5
exf5+ 54. Kxf5 Kf7 55. Bh8 Ne7+ 56. Ke4 Ke6 57. Bg7 Nd5 58. h4 c6 59. Kd4 b6
60. Bh6 Ne7 61. Bg5 Ng6 62. Bf6 Nf4 63. Bd8 Nd5 64. Bg5 Nc7 65. Ke4 Nb5 66. Bd8
Nxa3 67. Bxb6 Nc4 68. Bc7 Na3 69. Bb8 Nc4 70. Kd4 Nb6 71. Ke4 Nd5 72. Bd6 Nb6
73. Kf4 Nc4 74. Bc7 Kd7 75. Bb8 Ke6 76. Kg5 Nxe5 77. Bxe5 Kxe5 78. Kh6 c5 79.
bxc5 a5 80. Kxh7 a4 81. c6 Kd6 82. c7 Kxc7 83. h5 a3 84. h6 a2 85. Kg8 a1=Q 86.
h7 Qa2+ 87. Kg7 Qb2+ 1/2-1/2

[Event "Scottish Championship & International O"]
[Site "Paisley"]
[Date "2018.07.15"]
[Round "9.11"]
[White "Koehn, Lennart"]
[Black "Harvey, Steven David"]
[Result "1/2-1/2"]
[WhiteElo "2087"]
[BlackElo "1769"]
[Annotator "Ips"]
[PlyCount "68"]
[EventDate "2018.07.07"]

1. e4 c5 2. Nc3 Nc6 3. Bb5 a6 4. Bxc6 bxc6 5. f4 d5 6. d3 d4 7. Na4 g6 8. b3
Nf6 9. Nf3 Bg4 10. O-O e6 11. Ba3 Bxf3 12. Qxf3 Nd7 13. f5 Qf6 14. fxe6 Qxe6
15. Qf4 Bd6 16. Qh6 O-O-O 17. Rae1 Rdf8 18. Kh1 f6 19. Rf3 Rf7 20. Qh3 Qxh3 21.
Rxh3 Rhf8 22. Rf1 f5 23. exf5 Rxf5 24. Rxf5 Rxf5 25. Kg1 Bf4 26. g4 Rf7 27. Kg2
Ne5 28. Nxc5 Nxg4 29. Ne4 Ne3+ 30. Kg1 Be5 31. Nd2 Nxc2 32. Bc5 Ne3 33. Rf3 Rf5
34. Rxf5 Nxf5 1/2-1/2

[Event "Scottish Championship & International O"]
[Site "Paisley"]
[Date "2018.07.15"]
[Round "9.12"]
[White "Brown, Steven A"]
[Black "Sanger, Jake M"]
[Result "1-0"]
[WhiteElo "2028"]
[BlackElo "1841"]
[Annotator "Ips"]
[PlyCount "41"]
[EventDate "2018.07.07"]

1. d4 Nf6 2. Bf4 d5 3. e3 c5 4. c3 Nc6 5. Nd2 Bf5 6. Ngf3 Qb6 7. Qc1 cxd4 8.
exd4 Rc8 9. a3 e6 10. Be2 Be7 11. O-O O-O 12. b4 Ne4 13. Qb2 Bg4 14. h3 Bxf3
15. Bxf3 Nxd2 16. Qxd2 a5 17. Be2 Na7 18. Qd3 Rc6 19. b5 Rc4 20. Qg3 Ra4 21.
Bc7 1-0

[Event "Scottish Championship & International O"]
[Site "Paisley"]
[Date "2018.07.15"]
[Round "9.13"]
[White "Paul, Rabindra"]
[Black "Mcgillivray, Calum"]
[Result "1-0"]
[WhiteElo "1785"]
[BlackElo "1647"]
[Annotator "Ips"]
[PlyCount "130"]
[EventDate "2018.07.07"]

1. Nf3 d5 2. g3 Nf6 3. Bg2 e6 4. O-O c5 5. d3 Bd6 6. Nbd2 Qc7 7. e4 O-O 8. Re1
Nc6 9. Qe2 dxe4 10. dxe4 e5 11. c3 Be6 12. h4 Bg4 13. Nc4 Be7 14. Ne3 Bh5 15.
Qc2 Rad8 16. Nh2 h6 17. Nd5 Nxd5 18. exd5 Bg6 19. Qe2 Nb8 20. Qxe5 Bd6 21. Qe2
Nd7 22. f4 c4 23. Qf3 Nf6 24. Be3 b6 25. Ng4 Ne4 26. Nf2 Rfe8 27. f5 Bxf5 28.
Qxf5 Nxg3 29. Qf3 Qd7 30. Nh3 Nf5 31. Bf2 Bc5 32. h5 Nh4 33. Qg3 Bxf2+ 34. Nxf2
Nxg2 35. Qxg2 Rxe1+ 36. Rxe1 Qxd5 37. Re8+ Kh7 38. Rxd8 Qxd8 39. Qe4+ Kg8 40.
Qxc4 Qg5+ 41. Qg4 Qc1+ 42. Kg2 Qxb2 43. Qc8+ Kh7 44. Qf5+ Kg8 45. Qc8+ Kh7 46.
Qc4 Kg8 47. Kf3 Qb1 48. Qd5 Qc1 49. Qa8+ Kh7 50. Qe4+ Kg8 51. Qe8+ Kh7 52. Qxf7
Qxc3+ 53. Kg2 Qa5 54. Ne4 Qe5 55. Kf3 Qa1 56. Kg4 Qe5 57. Qf5+ Qxf5+ 58. Kxf5
b5 59. Nd6 b4 60. Nb7 a6 61. Na5 Kg8 62. Nc6 g5 63. hxg6 Kg7 64. Nxb4 a5 65.
Nc6 a4 1-0

[Event "Scottish Championship & International O"]
[Site "Paisley"]
[Date "2018.07.15"]
[Round "9.15"]
[White "Smith, Callum"]
[Black "Lim, Zhuo Ren"]
[Result "0-1"]
[WhiteElo "1852"]
[BlackElo "2165"]
[Annotator "Ips"]
[PlyCount "60"]
[EventDate "2018.07.07"]

1. e4 d6 2. d4 Nf6 3. Nc3 c6 4. a4 a5 5. Nf3 Bg4 6. h3 Bh5 7. Be3 e6 8. Be2 d5
9. e5 Nfd7 10. O-O Be7 11. Qd2 Nb6 12. Bg5 Bxf3 13. Bxe7 Qxe7 14. Bxf3 Nc4 15.
Qc1 O-O 16. b3 Nb6 17. Ne2 f6 18. Qe3 N8d7 19. c3 fxe5 20. dxe5 Rf5 21. Bg4
Rxe5 22. Qd2 Nf6 23. Qd4 Nbd7 24. Bf3 Ne4 25. Rfe1 Rf8 26. Ng3 c5 27. Qd3 Nxg3
28. fxg3 Qd6 29. Kh2 Rg5 30. Bg4 Ne5 0-1

[Event "Scottish Championship & International O"]
[Site "Paisley"]
[Date "2018.07.15"]
[Round "9.16"]
[White "D'alessio, Marco"]
[Black "Tsang, Sai Kong"]
[Result "0-1"]
[WhiteElo "1609"]
[BlackElo "1949"]
[PlyCount "42"]
[EventDate "2018.07.07"]

1. e4 c5 2. c3 e6 3. d4 d5 4. exd5 exd5 5. Nf3 Nf6 6. Bb5+ Bd7 7. Qe2+ Be7 8.
dxc5 O-O 9. Be3 Re8 10. b4 Ng4 11. Bxd7 Nxd7 12. O-O a5 13. Nd4 Nxe3 14. fxe3
Bg5 15. Nf5 axb4 16. Nd6 Rxe3 17. Qg4 Ne5 18. Qxb4 Re2 19. Qb3 Be3+ 20. Kh1 Qh4
21. Qxd5 Bf4 0-1

[Event "Scottish Championship & International O"]
[Site "Paisley"]
[Date "2018.07.15"]
[Round "9.17"]
[White "Nepveu, Manuel"]
[Black "Schmerwitz, Reinhard"]
[Result "1-0"]
[WhiteElo "1931"]
[BlackElo "1764"]
[PlyCount "49"]
[EventDate "2018.07.07"]

1. d4 Nf6 2. Nf3 d5 3. c4 c6 4. Nc3 e6 5. e3 Be7 6. Bd3 O-O 7. O-O dxc4 8. Bxc4
a6 9. a4 b6 10. Qc2 Bb7 11. Rd1 Qc7 12. e4 Nbd7 13. e5 Nd5 14. Ng5 Bxg5 15.
Bxg5 Nxc3 16. bxc3 h6 17. Bf4 c5 18. Qe2 cxd4 19. cxd4 Qc6 20. d5 exd5 21. Bxd5
Qc8 22. Bxb7 Qxb7 23. Bxh6 Nc5 24. Qg4 g6 25. Bxf8 1-0

[Event "Scottish Championship & International O"]
[Site "Paisley"]
[Date "2018.07.15"]
[Round "9.18"]
[White "Spanton, Tim R"]
[Black "Mccormack, Derek"]
[Result "1-0"]
[WhiteElo "1927"]
[BlackElo "1836"]
[PlyCount "109"]
[EventDate "2018.07.07"]

1. d4 d5 2. c4 e6 3. Nc3 Nf6 4. cxd5 exd5 5. Bg5 c6 6. e3 Be7 7. Qc2 Nbd7 8.
Bd3 h6 9. Bh4 Nh5 10. Bxe7 Qxe7 11. Nge2 Nb6 12. h3 Be6 13. O-O-O O-O-O 14. Na4
Nxa4 15. Qxa4 Kb8 16. Kb1 Qd7 17. g4 Nf6 18. f4 Ne4 19. Bxe4 dxe4 20. f5 Bd5
21. Rhf1 Qc7 22. Rf4 Rhe8 23. Nc3 Rd6 24. Qc2 Qe7 25. Rdf1 f6 26. h4 Rdd8 27.
Ka1 Rc8 28. Rb1 Rc7 29. b4 a6 30. Na4 Ka7 31. Nc5 b6 32. Na4 Rcc8 33. Rff1 Qd6
34. Qe2 Qd7 35. Nc3 Qf7 36. Rfc1 Bc4 37. Qd2 Bd3 38. Rb3 Bc4 39. Ra3 b5 40. Ra5
Kb7 41. Nd1 Ra8 42. Nb2 Bd5 43. a4 Qc7 44. Kb1 Qg3 45. Qc3 Rec8 46. Qc5 Qxe3
47. axb5 Qb3 48. Rc3 cxb5 49. Qe7+ Kb6 50. Rxb3 Bxb3 51. Qxg7 Rc6 52. Qxh6 Rac8
53. d5 Bxd5 54. Na4+ Ka7 55. Qe3+ 1-0

[Event "Scottish Championship & International O"]
[Site "Paisley"]
[Date "2018.07.15"]
[Round "9.19"]
[White "Macgilchrist, Siegrun"]
[Black "Kante, Kalyan Sai Nandan"]
[Result "1-0"]
[WhiteElo "1644"]
[BlackElo "1531"]
[PlyCount "83"]
[EventDate "2018.07.07"]

1. c4 e5 2. g3 Nc6 3. Bg2 f5 4. e3 Nf6 5. Ne2 Be7 6. O-O O-O 7. d4 e4 8. a3 d5
9. cxd5 Nxd5 10. Nbc3 Bf6 11. Nxd5 Qxd5 12. Bd2 Be6 13. Nf4 Qd7 14. Nxe6 Qxe6
15. Qc2 Rf7 16. b4 Qd5 17. Rfc1 Kh8 18. Qc4 Rd8 19. Qxd5 Rxd5 20. Bf1 Rdd7 21.
Rc2 Bxd4 22. exd4 Nxd4 23. Rc3 Nf3+ 24. Rxf3 exf3 25. Be3 b6 26. Bb5 Rd6 27.
Bf4 Rd4 28. Bc6 Rd3 29. Be3 f4 30. gxf4 h6 31. Bxf3 g5 32. Be4 Rdd7 33. fxg5
hxg5 34. Rc1 Rfe7 35. Bc6 Rd3 36. a4 Rb3 37. Rc4 Rb1+ 38. Kg2 Rd1 39. Bxg5 Rg7
40. Rg4 Rd6 41. b5 Rdg6 42. h4 1-0

[Event "Scottish Championship & International O"]
[Site "Paisley"]
[Date "2018.07.15"]
[Round "9.20"]
[White "Zamvar, Vipin"]
[Black "Smith, Rachel Lorna"]
[Result "0-1"]
[WhiteElo "1658"]
[BlackElo "1557"]
[PlyCount "52"]
[EventDate "2018.07.07"]

1. e4 c5 2. Nf3 Nc6 3. d4 cxd4 4. Nxd4 g6 5. Be3 Bg7 6. Nxc6 bxc6 7. Bd4 Bxd4
8. Qxd4 Nf6 9. e5 Qa5+ 10. c3 Nd5 11. e6 f6 12. exd7+ Bxd7 13. b4 Qb6 14. Qd2
Be6 15. a3 Rd8 16. Qe2 Nc7 17. Nd2 Qb5 18. c4 Qg5 19. Rd1 Kf7 20. g3 Bg4 21. f3
Bf5 22. Ne4 Rxd1+ 23. Kxd1 Rd8+ 24. Kc2 Bxe4+ 25. fxe4 Ne6 26. Kc3 Qe5+ 0-1